00404nam a2200169Ia 4500008004100000020001800041245003500059245002100094260001500115260001600130260000900146300001400155300002500169300001000194440002200204500000800226170705s9999 xx 000 0 und d a9780439725262 aClifford the small red puppy / cNorman Bridwell. aNew York : bScholastic, c1972 aunpaged : bcolor illustration ; c21cm. aBeginner readers. a330